Diseño geométrico y de estructura de pavimento articulado del tramo: empalme La Tejera –comunidad La Garnacha, 1,400 M, municipio de San Nicolás , departamento de Esteli

El estudio presenta una propuesta de diseño geométrico y de estructura de pavimento articulado de 1,400 m, ubicados en el municipio de San Nicolás, departamento de Estelí para el tramo La Tejera, comunidad La Garnacha.

Bibliographic Details
Main Authors: Figueroa Rivas, Dimas Elester, González Machado, Jorge Luis
Other Authors: Tutor: Valdivia Machado, Ramiro José
Format: Tesis Section = Libro
Language:Undetermined
Spanish
Published: Managua UNI 2021
Subjects:
LEADER 01247nam a2200289Ia 4500
008 240830s9999 xx 000 0 und d
040 |a BIBLIOTECA-RUPAP/ Mon 628.85 F475 
041 |a spa 
082 |a Mon 628.85 F475 
100 1 |a Figueroa Rivas, Dimas Elester 
100 1 |b González Machado, Jorge Luis 
245 1 0 |a Diseño geométrico y de estructura de pavimento articulado del tramo: empalme La Tejera –comunidad La Garnacha, 1,400 M, municipio de San Nicolás , departamento de Esteli 
260 |a Managua  |b UNI  |c 2021 
300 |a 137 p. :il. 
500 |a Contiene: anexos y CD. 
502 |a Tesis (Ingeniero Civil) - UNI, 2021. 
520 3 |a El estudio presenta una propuesta de diseño geométrico y de estructura de pavimento articulado de 1,400 m, ubicados en el municipio de San Nicolás, departamento de Estelí para el tramo La Tejera, comunidad La Garnacha. 
650 7 |a PAVIMENTO-DISEÑO Y CONSTRUCCION 
650 7 |b  PAVIMENTO DE ASFALTO 
650 7 |c  DIBUJO GEOMETRICO 
650 7 |d  INGENIERIA DE TRANSITO 
650 7 |e  ESTUDIO DE SUELOS 
650 7 |f  CARRETERAS-MANTENIMIENTO Y REPARACION 
700 1 |a Tutor:  |b Valdivia Machado, Ramiro José 
942 |c BK  |2 ddc 
991 |a TESIS 
999 |c 18964